Chuyên đề bồi dưỡng học sinh giỏi toán trung học phổ thông : Phép biến hình trong mặt phẳng

Saved in:
Bibliographic Details
Main Author: Đỗ, Thanh Sơn
Format: Book
Language:Undetermined
Published: Hà Nội Giáo dục 2005
Subjects:
Tags: Add Tag
No Tags, Be the first to tag this record!
Institutions: Trung tâm Học liệu Trường Đại học Cần Thơ
LEADER 00628nam a2200205Ia 4500
001 CTU_93897
008 210402s9999 xx 000 0 und d
020 |c 22700 
082 |a 516 
082 |b S464 
100 |a Đỗ, Thanh Sơn 
245 0 |a Chuyên đề bồi dưỡng học sinh giỏi toán trung học phổ thông : 
245 0 |b Phép biến hình trong mặt phẳng 
245 0 |c Đỗ Thanh Sơn 
260 |a Hà Nội 
260 |b Giáo dục 
260 |c 2005 
650 |a Geometry, plane 
904 |i Tuyến 
980 |a Trung tâm Học liệu Trường Đại học Cần Thơ